000 00641cam a2200217 4500500
005 20260405003606.0
041 _afre
042 _adc
100 1 0 _aNathan, Tobie
_eauthor
245 0 0 _aChaussures à orteils. Le je-ne-sais-quoi du va-nu-pieds
260 _c2022.
500 _a59
690 _aAntonin Artaud
690 _aChaussure
690 _aCourse
690 _aDopage
690 _aMexique
690 _aTobie Nathan
786 0 _nPhilosophie magazine | 164 | 11 | 2022-11-01 | p. 16-16 | 1951-1787
856 4 1 _uhttps://shs.cairn.info/magazine-philosophie-magazine-2022-11-page-16?lang=fr&redirect-ssocas=7080
999 _c2069060
_d2069060